[Event "SVK-chT2B 2324"]
[Site "Slovakia"]
[Date "2023.11.12"]
[Round "4.6"]
[White "Sucharda, Ondrej"]
[Black "Blazek, Milos"]
[Result "1/2-1/2"]
[WhiteElo "1800"]
[BlackElo "1913"]
[PlyCount "51"]
[EventDate "2023.10.07"]
[EventType "team-tourn"]
[EventRounds "11"]
[EventCountry "SVK"]
[SourceTitle "EXT 2025"]
[Source "ChessBase"]
[SourceDate "2024.10.14"]
[SourceVersion "1"]
[SourceVersionDate "2024.10.14"]
[SourceQuality "1"]
[WhiteTeam "Nove Zamky"]
[BlackTeam "Trencin"]
[WhiteTeamCountry "SVK"]
[BlackTeamCountry "SVK"]

1. e4 e5 2. Nf3 Nc6 3. Bc4 Nf6 4. 0-0 Be7 5. d4 exd4 6. Nxd4 d6 7. Nc3 0-0 8. Nxc6 bxc6 9. Re1 Nd7 10. f4 Nb6 11. Bd3 Be6 12. f5 Bc4 13. Qg4 Bxd3 14. Bh6 Bf6 15. cxd3 Kh8 16. Bf4 Re8 17. Re3 Nd7 18. Rh3 Nf8 19. Re1 Rb8 20. Re2 Rb4 21. a3 Rb3 22. Be3 Qb8 23. e5 Bxe5 24. Ne4 Rxb2 25. Ng5 Rxe2 26. Nxf7+ 1/2-1/2

[Event "SVK-chT2B 2223"]
[Site "Slovakia"]
[Date "2023.03.25"]
[Round "10.4"]
[White "Sucharda, Ondrej"]
[Black "Striskova, Lucia"]
[Result "0-1"]
[WhiteElo "1814"]
[BlackElo "1787"]
[PlyCount "84"]
[EventDate "2022.10.08"]
[EventType "team-tourn"]
[EventRounds "11"]
[EventCountry "SVK"]
[SourceTitle "EXT 2024"]
[Source "ChessBase"]
[SourceDate "2023.10.10"]
[SourceVersion "1"]
[SourceVersionDate "2023.10.10"]
[SourceQuality "1"]
[WhiteTeam "Nove Zamky"]
[BlackTeam "Nemsova Horne Srnie"]
[WhiteTeamCountry "SVK"]
[BlackTeamCountry "SVK"]

1. e4 c5 2. Nf3 d6 3. d4 cxd4 4. Nxd4 Nf6 5. Nc3 a6 6. Bc4 e6 7. a4 Be7 8. 0-0 0-0 9. f4 d5 10. exd5 exd5 11. Bb3 Bc5 12. Kh1 Ng4 13. g3 Qf6 14. Nce2 Qh6 15. h4 Qd6 16. c3 Re8 17. Rf3 Nc6 18. Bc2 Bd7 19. Qd3 g6 20. f5 Nce5 21. fxg6 hxg6 22. Bf4 Nxd3 23. Bxd6 Ndf2+ 24. Kg2 Bxd6 25. Rf1 Ne3+ 26. Kxf2 Nxf1 27. Kxf1 Bg4 28. Rf6 Be5 29. Rb6 Re7 30. Bb3 Rd8 31. Kf2 Bxe2 32. Nxe2 d4 33. cxd4 Rxd4 34. Rxg6+ Kh7 35. Rg5 Rd2 36. Kf3 Rxe2 37. Rh5+ Kg6 38. Rg5+ Kf6 39. Kg4 Re3 40. Rf5+ Kg7 41. Rg5+ Kf8 42. Kh3 Rxb3 0-1

[Event "SVK-chT2B 2223"]
[Site "Slovakia"]
[Date "2022.11.12"]
[Round "3.7"]
[White "Sucharda, Ondrej"]
[Black "Zahorsky, Robert"]
[Result "1/2-1/2"]
[WhiteElo "1814"]
[BlackElo "1881"]
[PlyCount "44"]
[EventDate "2022.10.08"]
[EventType "team-tourn"]
[EventRounds "11"]
[EventCountry "SVK"]
[SourceTitle "EXT 2024"]
[Source "ChessBase"]
[SourceDate "2023.10.10"]
[SourceVersion "1"]
[SourceVersionDate "2023.10.10"]
[SourceQuality "1"]
[WhiteTeam "Nove Zamky"]
[BlackTeam "Tlmace"]
[WhiteTeamCountry "SVK"]
[BlackTeamCountry "SVK"]

1. e4 c6 2. d4 d5 3. e5 Bf5 4. Bd3 Bxd3 5. Qxd3 e6 6. Nf3 Nd7 7. Bf4 c5 8. c3 Qb6 9. 0-0 Ne7 10. dxc5 Nxc5 11. Qc2 Nc6 12. Nbd2 Be7 13. Be3 Qc7 14. Nb3 Nd7 15. Nbd4 Ndxe5 16. Nxe5 Qxe5 17. Nxc6 bxc6 18. Bd4 Qg5 19. Rae1 0-0 20. f4 Qh6 21. Rf3 Bf6 22. Bc5 Rfe8 1/2-1/2

[Event "SVK-chT2B 1819"]
[Site "Slovakia"]
[Date "2019.03.03"]
[Round "9.8"]
[White "Sucharda, Ondrej"]
[Black "Bestro, Robert"]
[Result "1-0"]
[WhiteElo "1861"]
[BlackElo "1072"]
[PlyCount "65"]
[EventDate "2018.10.13"]
[EventType "team-tourn"]
[EventRounds "11"]
[EventCountry "SVK"]
[SourceTitle "CBM 189 Extra"]
[Source "ChessBase"]
[SourceDate "2019.05.31"]
[SourceVersion "1"]
[SourceVersionDate "2019.05.31"]
[SourceQuality "1"]
[WhiteTeam "Nove Zamky"]
[BlackTeam "Nemsova Horne Srnie"]
[WhiteTeamCountry "SVK"]
[BlackTeamCountry "SVK"]

1. e4 e6 2. d4 c6 3. c4 Bb4+ 4. Nc3 Nf6 5. Qc2 d5 6. cxd5 exd5 7. e5 Qe7 8. Bg5 h6 9. Bh4 g5 10. Bg3 Ne4 11. Bd3 c5 12. a3 cxd4 13. axb4 Qxb4 14. Ra4 Qc5 15. Nxe4 Qxc2 16. Nf6+ Kd8 17. Bxc2 Nd7 18. Nxd5 b5 19. Rxd4 Bb7 20. Bf5 Rc8 21. Ne2 Rc5 22. Nf6 Bxg2 23. Rxd7+ Kc8 24. Rg1 Bc6 25. Rd5+ Kb7 26. Rxc5 Kb6 27. b4 a5 28. Nd4 axb4 29. Rxc6+ Ka5 30. Kd2 b3 31. Kc3 b4+ 32. Kxb3 Rd8 33. Ra1# 1-0

[Event "SVK-chT2B 1819"]
[Site "Slovakia"]
[Date "2019.02.03"]
[Round "7.6"]
[White "Sucharda, Ondrej"]
[Black "Joba, Pavol"]
[Result "1-0"]
[WhiteElo "1848"]
[BlackElo "1877"]
[PlyCount "45"]
[EventDate "2018.10.13"]
[EventType "team-tourn"]
[EventRounds "11"]
[EventCountry "SVK"]
[SourceTitle "CBM 189 Extra"]
[Source "ChessBase"]
[SourceDate "2019.05.31"]
[SourceVersion "1"]
[SourceVersionDate "2019.05.31"]
[SourceQuality "1"]
[WhiteTeam "Nove Zamky"]
[BlackTeam "Batorove Kosihy II"]
[WhiteTeamCountry "SVK"]
[BlackTeamCountry "SVK"]

1. c4 c5 2. Nc3 Nf6 3. g3 Nc6 4. Bg2 g6 5. Nf3 Bg7 6. Rb1 0-0 7. 0-0 d6 8. d3 a6 9. a3 Rb8 10. b4 b6 11. b5 Na5 12. Bd2 d5 13. Bf4 dxc4 14. Bxb8 Be6 15. Bf4 Nh5 16. Ne4 Nxf4 17. gxf4 axb5 18. Rxb5 Qc7 19. Ne5 Rd8 20. Qb1 cxd3 21. Nxd3 Nc4 22. Qc1 Qc6 23. Nf6+ 1-0

[Event "SVK-chT2B 1718"]
[Site "Slovakia"]
[Date "2018.03.18"]
[Round "11.6"]
[White "Zernovic, Michal"]
[Black "Sucharda, Ondrej"]
[Result "0-1"]
[WhiteElo "1850"]
[BlackElo "1814"]
[PlyCount "104"]
[EventDate "2017.10.28"]
[EventType "team-tourn"]
[EventRounds "11"]
[EventCountry "SVK"]
[SourceTitle "EXT 2020"]
[Source "ChessBase"]
[SourceDate "2019.10.17"]
[SourceVersion "1"]
[SourceVersionDate "2019.10.17"]
[SourceQuality "1"]
[WhiteTeam "Povazske Podhradie"]
[BlackTeam "Nove Zamky"]
[WhiteTeamCountry "SVK"]
[BlackTeamCountry "SVK"]

1. e4 e6 2. f4 d5 3. e5 c5 4. c3 Nc6 5. Nf3 Nge7 6. Na3 Bd7 7. Nc2 Nf5 8. Bd3 Qb6 9. Bxf5 exf5 10. 0-0 d4 11. c4 Be6 12. b3 h6 13. Nce1 Be7 14. Nd3 a5 15. a4 Qc7 16. Ba3 b6 17. Qe2 0-0-0 18. h4 Rdg8 19. Kf2 Qd8 20. Rh1 g5 21. g3 gxh4 22. Nxh4 Rg4 23. Nf3 h5 24. Rag1 h4 25. Nxh4 Qg8 26. Qf3 Kc7 27. Ng2 Bc8 28. Nde1 Bb7 29. Qd3 Bc8 30. Rxh8 Qxh8 31. Nf3 Qh3 32. Nge1 Nd8 33. Nxd4 Ne6 34. Nxe6+ fxe6 35. Nf3 Bb7 36. Qf1 Qh6 37. Rh1 Qg6 38. Rh3 Qe8 39. Qd3 Be4 40. Qe3 Qd8 41. Ne1 Qb8 42. d3 Bc6 43. Nf3 Qd8 44. Bb2 Rg7 45. d4 Bxf3 46. Kxf3 cxd4 47. Bxd4 Qa8+ 48. Kf2 Qc6 49. Rh8 Bb4 50. Bxb6+ Kb7 51. Ba7 Ka6 52. Bb8 Bc5 0-1

[Event "SVK-chT2B 1718"]
[Site "Slovakia"]
[Date "2018.02.25"]
[Round "9.5"]
[White "Reisel, Frantisek"]
[Black "Sucharda, Ondrej"]
[Result "0-1"]
[WhiteElo "1979"]
[BlackElo "1803"]
[PlyCount "50"]
[EventDate "2017.10.28"]
[EventType "team-tourn"]
[EventRounds "11"]
[EventCountry "SVK"]
[SourceTitle "EXT 2019"]
[Source "ChessBase"]
[SourceDate "2018.10.10"]
[SourceVersion "1"]
[SourceVersionDate "2018.10.10"]
[SourceQuality "1"]
[WhiteTeam "Prievidza"]
[BlackTeam "Nove Zamky"]
[WhiteTeamCountry "SVK"]
[BlackTeamCountry "SVK"]

1. d4 Nf6 2. c4 g6 3. Nc3 Bg7 4. e4 d6 5. f3 0-0 6. Be3 e5 7. d5 a5 8. Qd2 Na6 9. Nge2 Nc5 10. g4 Bxg4 11. fxg4 Nfxe4 12. Nxe4 Nxe4 13. Qc2 Qh4+ 14. Kd1 Qxg4 15. Rg1 Qf3 16. Bg2 Qxe3 17. Bxe4 f5 18. Bh1 f4 19. Re1 f3 20. Ng3 Qd4+ 21. Qd2 f2 22. Rf1 Qxc4 23. b3 Qg4+ 24. Kc2 a4 25. Qe2 axb3+ 0-1

[Event "SVK-chT2B 1718"]
[Site "Slovakia"]
[Date "2018.02.04"]
[Round "7.3"]
[White "Koval, Maros"]
[Black "Sucharda, Ondrej"]
[Result "1-0"]
[WhiteElo "2120"]
[BlackElo "1803"]
[PlyCount "59"]
[EventDate "2017.10.28"]
[EventType "team-tourn"]
[EventRounds "11"]
[EventCountry "SVK"]
[SourceTitle "EXT 2019"]
[Source "ChessBase"]
[SourceDate "2018.10.10"]
[SourceVersion "1"]
[SourceVersionDate "2018.10.10"]
[SourceQuality "1"]
[WhiteTeam "Topolcany"]
[BlackTeam "Nove Zamky"]
[WhiteTeamCountry "SVK"]
[BlackTeamCountry "SVK"]

1. d4 Nf6 2. Nf3 g6 3. c4 Bg7 4. Nc3 0-0 5. e4 d6 6. Be2 e5 7. 0-0 Nbd7 8. Be3 exd4 9. Nxd4 Re8 10. f3 Ne5 11. Qd2 a6 12. Rfd1 Qe7 13. Bg5 Qf8 14. Rac1 h6 15. Bh4 Bd7 16. Nd5 Nxd5 17. cxd5 Rac8 18. f4 Ng4 19. Bf3 Nf6 20. Re1 Bg4 21. Bxf6 Bxf6 22. Bxg4 Qg7 23. Nf3 Bxb2 24. Rc2 f5 25. exf5 Bd4+ 26. Kh1 Rcd8 27. fxg6 Bc5 28. Be6+ Kh8 29. f5 Rf8 30. Rc4 1-0

[Event "SVK-chT2B 1718"]
[Site "Slovakia"]
[Date "2018.01.14"]
[Round "6.5"]
[White "Sucharda, Ondrej"]
[Black "Halak, Matej"]
[Result "0-1"]
[WhiteElo "1803"]
[BlackElo "1936"]
[PlyCount "102"]
[EventDate "2017.10.28"]
[EventType "team-tourn"]
[EventRounds "11"]
[EventCountry "SVK"]
[SourceTitle "EXT 2019"]
[Source "ChessBase"]
[SourceDate "2018.10.10"]
[SourceVersion "1"]
[SourceVersionDate "2018.10.10"]
[SourceQuality "1"]
[WhiteTeam "Nove Zamky"]
[BlackTeam "Trencin"]
[WhiteTeamCountry "SVK"]
[BlackTeamCountry "SVK"]

1. e4 e5 2. Nf3 Nf6 3. Nxe5 d6 4. Nf3 Nxe4 5. d3 Nf6 6. Nc3 Be7 7. Be2 0-0 8. 0-0 Nc6 9. Bg5 h6 10. Bf4 Bf5 11. Nd2 d5 12. a3 Bd6 13. Bxd6 Qxd6 14. Nb5 Qd7 15. Nb3 b6 16. Rc1 Rad8 17. Bf3 Ne5 18. N3d4 Bg6 19. Be2 c5 20. f4 Neg4 21. Rf3 cxd4 22. Nxd4 Rfe8 23. Qd2 h5 24. Rcf1 Bf5 25. Rg3 h4 26. Rh3 Re7 27. Rxh4 Rde8 28. h3 Ne3 29. Rf3 Bg6 30. g4 Qc7 31. f5 Nxc2 32. Ne6 Rxe6 33. fxe6 Rxe6 34. g5 Nh5 35. Bd1 Ne1 36. Re3 Rxe3 37. Qxe3 Nc2 38. Qf2 Nxa3 39. Bxh5 Qc1+ 40. Kg2 Qxg5+ 41. Rg4 Qxh5 42. bxa3 Bxd3 43. Qg3 Be4+ 44. Kh2 Qh6 45. Qc3 Qd6+ 46. Rg3 g6 47. h4 d4 48. Qc8+ Kg7 49. h5 Qf4 50. hxg6 Qf2+ 51. Kh3 Bf5+ 0-1

[Event "SVK-chT2B 1718"]
[Site "Slovakia"]
[Date "2017.11.26"]
[Round "4.6"]
[White "Sucharda, Ondrej"]
[Black "Toth, Erik"]
[Result "0-1"]
[WhiteElo "1803"]
[BlackElo "1891"]
[PlyCount "48"]
[EventDate "2017.10.28"]
[EventType "team-tourn"]
[EventRounds "11"]
[EventCountry "SVK"]
[SourceTitle "CBM 181 Extra"]
[Source "ChessBase"]
[SourceDate "2017.12.12"]
[SourceVersion "1"]
[SourceVersionDate "2017.12.12"]
[SourceQuality "1"]
[WhiteTeam "Nove Zamky"]
[BlackTeam "Levice"]
[WhiteTeamCountry "SVK"]
[BlackTeamCountry "SVK"]

1. d4 d5 2. c4 dxc4 3. e4 Nc6 4. Nf3 e6 5. Bxc4 Nf6 6. Nc3 Be7 7. 0-0 0-0 8. a3 a6 9. b4 b6 10. Re1 Bb7 11. Bb2 Nb8 12. Qc2 h6 13. Rad1 Nbd7 14. Ba2 c5 15. dxc5 bxc5 16. Na4 cxb4 17. Bd4 bxa3 18. Qb3 Bxe4 19. Bxf6 Bxf3 20. Qxf3 Bxf6 21. Nc5 Ra7 22. Rxe6 fxe6 23. Nxe6 Qe7 24. Qe3 Ne5 0-1

[Event "Nove Zamky op"]
[Site "Nove Zamky"]
[Date "2008.08.06"]
[Round "1"]
[White "Sucharda, Ondrej"]
[Black "Istvanovszky, Kalman"]
[Result "0-1"]
[WhiteElo "1777"]
[BlackElo "2246"]
[PlyCount "32"]
[EventDate "2008.08.06"]
[EventType "swiss"]
[EventRounds "7"]
[EventCountry "SVK"]
[SourceTitle "EXT 2010"]
[Source "ChessBase"]
[SourceDate "2010.11.25"]
[SourceVersion "1"]
[SourceVersionDate "2010.11.25"]
[SourceQuality "1"]

1. d4 c5 2. d5 b5 3. e4 Qb6 4. Be3 d6 5. Nc3 b4 6. Na4 Qa5 7. b3 g6 8. Nf3 Bg7 9. Rb1 Nf6 10. Nd2 0-0 11. Be2 Nbd7 12. f4 Qc7 13. 0-0 Nb6 14. Nxb6 axb6 15. e5 Nxd5 16. Bf3 Nxe3 0-1